Break the MBA code;Fast track your way into the ivy league and other top colleges (Record no. 211899)
[ view plain ]
| 000 -LEADER | |
|---|---|
| fixed length control field | 00606nam a2200181Ia 4500 |
| 008 - FIXED-LENGTH DATA ELEMENTS--GENERAL INFORMATION | |
| fixed length control field | 210719s2020 xx 000 0 und d |
| 020 ## - INTERNATIONAL STANDARD BOOK NUMBER | |
| International Standard Book Number | 978-93-89305-44-9 |
| 041 ## - LANGUAGE CODE | |
| Language code of text/sound track or separate title | eng |
| 082 ## - DEWEY DECIMAL CLASSIFICATION NUMBER | |
| Classification number | 658.0071154 KAGB |
| 100 ## - MAIN ENTRY--PERSONAL NAME | |
| Personal name | KAGZI (Vibha) |
| 245 ## - TITLE STATEMENT | |
| Title | Break the MBA code;Fast track your way into the ivy league and other top colleges |
| 260 ## - PUBLICATION, DISTRIBUTION, ETC. | |
| Place of publication, distribution, etc. | Ahmedabad |
| Name of publisher, distributor, etc. | Jaico Publishing House |
| Date of publication, distribution, etc. | 2020 |
| 300 ## - PHYSICAL DESCRIPTION | |
| Extent | xv,394 |
| Other physical details | PB |
| 365 ## - TRADE PRICE | |
| Price amount | 450 |
| Currency code | Rs |
| 650 ## - SUBJECT ADDED ENTRY--TOPICAL TERM | |
| Topical term or geographic name entry element | Management |
| 650 ## - SUBJECT ADDED ENTRY--TOPICAL TERM | |
| Topical term or geographic name entry element | Management Entrance |
| 906 ## - LOCAL DATA ELEMENT F, LDF (RLIN) | |
| a | Break ; code ; colleges ; Fast ; into ; ivy ; league ; MBA ; other ; top ; track ; way ; your |
| Withdrawn status | Lost status | Damaged status | Not for loan | Collection code | Home library | Current library | Date acquired | Source of acquisition | Cost, normal purchase price | Total Checkouts | Full call number | Barcode | Date last seen | Date last checked out | Cost, replacement price | Price effective from | Koha item type |
|---|---|---|---|---|---|---|---|---|---|---|---|---|---|---|---|---|---|
| St Aloysius Library | St Aloysius Library | 02/26/2021 | Biblios Book Point, Surathkal-575014 | General Annual | 450.00 | 1 | 658.0071154 KAGB | 074713 | 03/06/2023 | 02/24/2023 | 360.00 | 07/19/2021 | Book |